00890nam a22001817a 4500003000900000005001700009008004400026040002200070245006200092246001900154260003200173300002700205505030400232650004300536650005100579650004200630650003600672DO-SdBNP20160413114926.0160413b1989 dr||||| |||| 00| 0 spa d aBPMSUbspacBPMSU aMatemática 9 :balgebra / cRita Abbott ... [et. al.]  aMatemática 9 aSanto Domingo :bRex,c1989 a188 p. : bil. : 26 cm tLa logica del algebratOperaciones con polinomio sobre z y qtEcuaciones lineales problemas del primer gradotExpresiones notables del algebratTeoría de la factoria sobre z y qtLa ecuación cuadraticatEl algebra de las expresiones racionalestEl algebra sobre rtFunciones lineales simultaneas 4aMATEMÁTICAS xENSEÑANZA SECUNDARIA aEDUCACIÓN SECUNDARIAzREPÚBLICA DOMINICANA 4aMATEMÁTICAS xESTUDIOS Y EJERCICIOS 4aMATEMÁTICASxLIBROS DE TEXTOS